Varalchayum rubber krishiyum (Record no. 51982)
[ view plain ]
| 000 -LEADER | |
|---|---|
| fixed length control field | 00312nam a2200133Ia 4500 |
| 100 ## - MAIN ENTRY--AUTHOR NAME | |
| Personal name | Krishnakumar R |
| 245 #0 - TITLE STATEMENT | |
| Title | Varalchayum rubber krishiyum |
| 260 ## - PUBLICATION, DISTRIBUTION, ETC. (IMPRINT) | |
| Name of publisher | Rubber |
| Year of publication | 2010 |
| 300 ## - PHYSICAL DESCRIPTION | |
| Number of Pages | 17-19 |
| 700 ## - ADDED ENTRY--PERSONAL NAME | |
| Personal name | Annamalainathan K |
| 700 ## - ADDED ENTRY--PERSONAL NAME | |
| Personal name | Jacob J |
| 942 ## - ADDED ENTRY ELEMENTS (KOHA) | |
| Koha item type | Bibliography STAF |
| Withdrawn status | Lost status | Damaged status | Not for loan | Home library | Current library | Date acquired | Serial Enumeration / chronology | Koha item type |
|---|---|---|---|---|---|---|---|---|
| Bibliography | RRII Library | RRII Library | 09/04/2014 | Volume 536, Issue Nov | Bibliography STAF |